[Event "2nd Science Park Open A"]
[Site "Amsterdam NED"]
[Date "2012.07.21"]
[Round "8.7"]
[White "Timmermans, Mark"]
[Black "Van Oosterom, Chiel"]
[Result "1/2-1/2"]
[BlackTitle "IM"]
[WhiteElo "2194"]
[BlackElo "2385"]
[WhiteFideId "1026399"]
[BlackFideId "1013076"]
[EventDate "2012.07.14"]

1. e4 c5 2. Nf3 d6 3. d4 cxd4 4. Nxd4 Nf6 5. Nc3 a6 6. Be3 e6 7. f3 b5 8. Qd2 b4
9. Na4 Nbd7 10. g4 h6 11. O-O-O Qa5 12. b3 Bb7 13. a3 Qc7 14. axb4 d5 15. e5
Nxe5 16. Kb1 Be7 17. Nc5 Nfd7 18. Ncxe6 fxe6 19. Nxe6 Qd6 20. Nxg7+ Kd8 21. Bg2
Qxb4 22. Qxb4 Bxb4 23. h3 Bc3 24. Nf5 Nf7 25. f4 Kc7 26. Bxd5 Bxd5 27. Rxd5 Rad8
28. Rhd1 Bf6 29. Bd4 Rhe8 30. Bxf6 Nxf6 31. Rxd8 Rxd8 32. Rxd8 Kxd8 33. g5 1/2-1/2

[Event "2nd Science Park Open A"]
[Site "Amsterdam NED"]
[Date "2012.07.21"]
[Round "8.8"]
[White "Gullaksen, Eirik"]
[Black "De Rover, Yong Hoon"]
[Result "1-0"]
[WhiteTitle "IM"]
[WhiteElo "2382"]
[BlackElo "2287"]
[WhiteFideId "1500945"]
[BlackFideId "1010298"]
[EventDate "2012.07.14"]

1. e4 c5 2. Nf3 d6 3. d4 cxd4 4. Nxd4 Nf6 5. Nc3 g6 6. Bc4 Bg7 7. h3 O-O 8. Bb3
Nc6 9. Be3 Bd7 10. O-O Rc8 11. f4 a6 12. Nf3 Qc7 13. Qe1 b5 14. a3 e6 15. Rd1
Rcd8 16. Qh4 Bc8 17. f5 exf5 18. Bh6 Ne7 19. Ng5 d5 20. Bxd5 Nexd5 21. Bxg7 Kxg7
22. Nxd5 Rxd5 23. exd5 h6 24. Nf3 Ne4 25. d6 Qb6+ 26. Kh2 g5 27. Qe1 Rd8 28. Qb4
f6 29. d7 Qc7+ 30. Kg1 Rxd7 31. Rxd7+ Qxd7 32. Qd4 Qc7 33. c3 h5 34. Nd2 Ng3 35.
Re1 Bb7 36. Re6 Qf7 37. Qd6 1-0

[Event "2nd Science Park Open A"]
[Site "Amsterdam NED"]
[Date "2012.07.21"]
[Round "8.10"]
[White "Ten Hertog, Hugo"]
[Black "Plukkel, Sjoerd"]
[Result "0-1"]
[WhiteTitle "FM"]
[WhiteElo "2349"]
[BlackElo "2274"]
[WhiteFideId "1026356"]
[BlackFideId "1008676"]
[EventDate "2012.07.14"]

1. c4 e5 2. Nc3 Nf6 3. e3 Bb4 4. Nge2 b6 5. a3 Bxc3 6. Nxc3 Bb7 7. d4 exd4 8.
exd4 O-O 9. d5 Re8+ 10. Be2 d6 11. O-O Nbd7 12. b4 a5 13. Bb2 Qe7 14. b5 Nc5 15.
Bf3 Bc8 16. Ne2 Bf5 17. Nf4 Nfd7 18. Bd4 Qg5 19. g3 Be4 20. Re1 Bxf3 21. Qxf3
Ne5 22. Qc3 Qf5 23. Re3 Ne4 24. Qc1 Ng5 25. Bxe5 dxe5 26. Ne2 e4 27. Nf4 Qf6 28.
Qc3 Qh6 29. Kg2 Nf3 30. h3 Qg5 31. Rd1 Nh4+ 32. Kh2 Nf5 33. Re2 e3 34. Rd3 Re4
35. Ng2 exf2 36. Rxf2 Nd6 37. Rf4 Rae8 38. Re3 Rxe3 39. Nxe3 Ne4 40. Qe1 Nxg3
41. Qxg3 Qxg3+ 42. Kxg3 Rxe3+ 43. Rf3 Rxf3+ 44. Kxf3 Kf8 45. c5 Ke7 46. d6+ cxd6
47. cxb6 Kd7 48. a4 h5 49. Kf4 f6 50. Kf5 d5 51. h4 g5 0-1

[Event "2nd Science Park Open A"]
[Site "Amsterdam NED"]
[Date "2012.07.21"]
[Round "8.12"]
[White "Bezemer, Arno"]
[Black "Schroer, Marcel"]
[Result "1/2-1/2"]
[WhiteTitle "FM"]
[WhiteElo "2346"]
[BlackElo "2088"]
[WhiteFideId "1001396"]
[BlackFideId "1012908"]
[EventDate "2012.07.14"]

1. e4 c6 2. d4 d5 3. exd5 cxd5 4. c4 Nf6 5. Nc3 g6 6. Qb3 Bg7 7. cxd5 O-O 8.
Nge2 Na6 9. g3 Qb6 10. Qxb6 axb6 11. Bg2 Nb4 12. O-O Rd8 13. d6 Rxd6 14. Bf4 Rd7
15. Be5 Ra5 16. Rfd1 Nfd5 17. Bxg7 Kxg7 18. Rac1 Rd8 19. a3 Nxc3 20. Nxc3 Nc6
21. Bxc6 bxc6 22. f3 Ba6 23. Kf2 e5 24. dxe5 Rxd1 25. Rxd1 Rxe5 26. Rd6 Rc5 27.
Ke3 Bf1 28. f4 b5 29. g4 h6 30. h4 Bg2 31. g5 Rc4 32. Rd4 Rc5 33. Rd2 Bh1 34.
Rd1 Bg2 35. Rd2 Bh1 36. Rd7 Rc4 37. Rd1 Bg2 38. Rd2 Bh1 39. Rd4 Rc5 40. Kf2 hxg5
41. hxg5 Kf8 42. Ke3 Ke7 43. Rd1 Bg2 44. Rd2 Bh1 45. Rh2 Bd5 46. Kd4 Rc4+ 47.
Ke5 Bf3 48. Rh3 Bg2 49. Rg3 Bh1 50. Rh3 Bg2 51. Rh2 1/2-1/2

[Event "2nd Science Park Open A"]
[Site "Amsterdam NED"]
[Date "2012.07.21"]
[Round "8"]
[White "Lammens, Tim"]
[Black "Prieto Aranguren, Alain"]
[Result "1-0"]
[WhiteTitle "FM"]
[WhiteElo "2291"]
[BlackElo "2232"]
[WhiteFideId "1008803"]
[BlackFideId "2268906"]
[EventDate "2012.07.14"]

1. Nf3 Nf6 2. g3 g6 3. b3 Bg7 4. Bb2 O-O 5. Bg2 d6 6. d4 c5 7. O-O cxd4 8. Nxd4
d5 9. Na3 Re8 10. c4 e5 11. Ndc2 d4 12. f4 exf4 13. Rxf4 Nh5 14. Rxd4 Bxd4+ 15.
Nxd4 Qe7 16. Nab5 Na6 17. e4 Nc5 18. Qd2 Nxe4 19. Bxe4 Qxe4 20. Nc7 Re7 21. Nxa8
b6 22. Nf3 Rd7 23. Qe1 f5 24. Qxe4 fxe4 25. Re1 Bb7 26. Ng5 Rd2 27. Nxe4 Rxb2
28. Nc3 1-0

[Event "2nd Science Park Open A"]
[Site "Amsterdam NED"]
[Date "2012.07.21"]
[Round "8"]
[White "Jacobs, Florian"]
[Black "Vroombout, Enrico"]
[Result "1/2-1/2"]
[WhiteElo "2130"]
[BlackElo "2241"]
[WhiteFideId "1018329"]
[BlackFideId "1008730"]
[EventDate "2012.07.14"]

1. d4 d6 2. Nf3 g6 3. c4 Nf6 4. Nc3 Bg7 5. Bg5 c6 6. e3 Nbd7 7. Bd3 e5 8. O-O
Qc7 9. Qc2 O-O 10. b4 h6 11. Bh4 g5 12. Bg3 Nh5 13. Rad1 Nxg3 14. hxg3 Nf6 15.
dxe5 dxe5 16. c5 Be6 17. Bf5 Qc8 18. Bxe6 Qxe6 19. e4 Rfd8 20. Rxd8+ Rxd8 21.
Rd1 1/2-1/2

[Event "2nd Science Park Open A"]
[Site "Amsterdam NED"]
[Date "2012.07.21"]
[Round "8"]
[White "Kohler, Aran"]
[Black "Klapwijk, Bram"]
[Result "1-0"]
[WhiteTitle "FM"]
[WhiteElo "2229"]
[BlackElo "2041"]
[WhiteFideId "1002856"]
[BlackFideId "1009133"]
[EventDate "2012.07.14"]

1. d4 Nf6 2. Nf3 d5 3. c4 g6 4. cxd5 Nxd5 5. e4 Nb6 6. Nc3 Bg7 7. a4 a5 8. Be3
Bg4 9. d5 N6d7 10. h3 Bxf3 11. Qxf3 Na6 12. Bb5 Nb4 13. O-O-O O-O 14. g4 c6 15.
dxc6 bxc6 16. Bc4 Qc7 17. Bf4 Qb7 18. Qg3 Nc5 19. Be5 Bxe5 20. Qxe5 Rab8 21. Kd2
Nbd3 22. Bxd3 Qxb2+ 23. Ke3 Nxa4 24. Rc1 Rb3 25. Rc2 Qa3 26. Rhc1 Rd8 27. Bc4
Nxc3 28. Bxb3 Nd1+ 29. Kf4 Nxf2 30. Qc3 Rd3 31. Bxf7+ Kxf7 32. Qc4+ Kg7 33. Rxf2
Qd6+ 34. e5 g5+ 35. Ke4 Qg6+ 36. Rf5 Rxh3 37. e6 Rg3 38. Qd4+ Kg8 39. Qd8+ Kg7
40. Qf8# 1-0

[Event "2nd Science Park Open A"]
[Site "Amsterdam NED"]
[Date "2012.07.21"]
[Round "8"]
[White "Van Dorp, Folke"]
[Black "Galje, Hans"]
[Result "1-0"]
[WhiteElo "2183"]
[BlackElo "2108"]
[WhiteFideId "1023209"]
[BlackFideId "1003240"]
[EventDate "2012.07.14"]

1. d4 Nf6 2. c4 e6 3. Nc3 c5 4. d5 exd5 5. cxd5 d6 6. Nf3 g6 7. Nd2 Nbd7 8. e4
Bg7 9. Nc4 Nb6 10. Ne3 O-O 11. Bd3 Re8 12. O-O Bd7 13. a4 a6 14. a5 Nc8 15. f3
Nh5 16. Ne2 Bb5 17. Ng4 Qe7 18. Nh6+ Kh8 19. g4 Nf6 20. Bxb5 axb5 21. Bg5 Qf8
22. Qd2 Ng8 23. Nxg8 Kxg8 24. h4 h6 25. Bf4 Kh7 26. Kg2 f5 27. exf5 gxf5 28. Ng3
Qf6 29. Rf2 Ne7 30. g5 Qd4 31. Bxd6 Nxd5 32. Nxf5 Ne3+ 33. Nxe3 Qxe3 34. Qxe3
Rxe3 35. Bxc5 Rb3 36. Bb6 hxg5 37. hxg5 Kg6 38. f4 Re8 39. Rd1 Re7 40. f5+ Kxg5
41. Bd8 Bf6 42. Bxe7 Bxe7 43. f6 1-0

[Event "2nd Science Park Open A"]
[Site "Amsterdam NED"]
[Date "2012.07.21"]
[Round "8"]
[White "Beerdsen, Thomas"]
[Black "Merbis, Max"]
[Result "1/2-1/2"]
[WhiteElo "2044"]
[BlackElo "2167"]
[WhiteFideId "1030108"]
[BlackFideId "1014757"]
[EventDate "2012.07.14"]

1. e4 e5 2. Nf3 Nc6 3. Bb5 a6 4. Ba4 Nf6 5. O-O Be7 6. Re1 b5 7. Bb3 d6 8. c3
O-O 9. h3 Nb8 10. d4 Nbd7 11. Nbd2 Bb7 12. Bc2 Re8 13. Nf1 Bf8 14. Ng3 g6 15. a4
c5 16. Bg5 h6 17. Bd2 Qc7 18. d5 c4 19. h4 h5 20. Nh2 Bg7 21. Ngf1 Rab8 22. g4
Nxg4 23. Nxg4 hxg4 24. Bg5 Nf6 25. Re3 Bc8 26. Nh2 Nh7 27. Rg3 f6 28. Bd2 f5 29.
exf5 gxf5 30. Qe2 Nf6 31. Bg5 Nh5 32. Rg2 Qf7 33. axb5 axb5 34. Qd2 Bd7 35. f3
g3 36. Nf1 f4 37. Ra6 Bf8 38. Ra7 Ra8 39. Rc7 Rec8 40. Rb7 Rcb8 41. Rc7 Ra6 42.
Be4 Ng7 43. Qc2 Ne8 44. Nxg3 fxg3 45. Rxg3 Nxc7 46. Bf6+ Bg7 47. Rxg7+ Qxg7+ 48.
Bxg7 Kxg7 49. Qd2 Kf7 50. Qh6 Rg8+ 51. Kf2 Ne8 52. Qh7+ Rg7 53. Bg6+ Kf8 54.
Qh8+ Rg8 55. Qh6+ Ke7 56. Qh7+ Rg7 57. Qh6 Kf8 1/2-1/2

[Event "2nd Science Park Open A"]
[Site "Amsterdam NED"]
[Date "2012.07.21"]
[Round "8"]
[White "Go, Benjamin"]
[Black "Straat, Evert-Jan"]
[Result "1-0"]
[WhiteElo "2164"]
[BlackElo "2091"]
[WhiteFideId "1014560"]
[BlackFideId "1001418"]
[EventDate "2012.07.14"]

1. e4 e6 2. Nf3 d5 3. Nc3 d4 4. Ne2 c5 5. c3 Nf6 6. e5 Nfd7 7. cxd4 cxd4 8.
Nexd4 Nxe5 9. Bb5+ Nec6 10. O-O Bd6 11. Nxc6 Nxc6 12. d4 O-O 13. Bxc6 bxc6 14.
Qc2 Qc7 15. Be3 h6 16. Rfe1 Rb8 17. Rac1 Bd7 18. Ne5 Rfc8 19. a3 Be8 20. Nf3 Rb5
21. h3 Rcb8 22. Rb1 Qb7 23. Nd2 Bc7 24. Nc4 Rb3 25. Bd2 Rb5 26. b4 Rd8 27. Qe4
Bb8 28. Bc3 Qd7 29. Rbd1 Qd5 30. Qd3 Qf5 31. Qe2 Qh5 32. Qxh5 Rxh5 33. Ne5 Bxe5
34. dxe5 Rd5 35. f4 Rf5 36. Rxd5 cxd5 37. Bd2 Rh5 38. Kh2 f5 39. Rc1 a6 40. Rc7
g5 41. Re7 Bb5 42. Kg3 Bc4 43. Rxe6 1-0

[Event "2nd Science Park Open A"]
[Site "Amsterdam NED"]
[Date "2012.07.21"]
[Round "8"]
[White "Knol, Geon"]
[Black "Gravemaker, Wim Laurens"]
[Result "0-1"]
[WhiteElo "2156"]
[BlackElo "2066"]
[WhiteFideId "1012142"]
[BlackFideId "1036149"]
[EventDate "2012.07.14"]

1. g3 d5 2. Bg2 c5 3. c4 e6 4. Nf3 Be7 5. O-O Nc6 6. cxd5 exd5 7. d4 Nf6 8. dxc5
Bxc5 9. Bg5 h6 10. Bxf6 Qxf6 11. Qxd5 Bb6 12. Nc3 O-O 13. Qb5 Be6 14. Na4 Nd4
15. Nxd4 Bxd4 16. e3 Be5 17. Qxb7 Bc4 18. Rfc1 Rab8 19. Qxa7 Bd3 20. Nc5 Bf5 21.
Na4 Rfd8 22. Rc6 Be6 23. f4 Bxb2 24. Rf1 Ra8 25. Qxa8 Rxa8 26. Nb6 Ra5 27. Rd1
Qe7 28. e4 Bg4 29. Rd2 Qb4 30. Nc4 Rxa2 31. h3 Be6 32. Rd8+ Kh7 33. f5 Bxc4 34.
Rcc8 g6 35. Rc6 gxf5 36. exf5 Qe1+ 37. Kh2 Be5 0-1

[Event "2nd Science Park Open A"]
[Site "Amsterdam NED"]
[Date "2012.07.21"]
[Round "8"]
[White "Riemens, Albert"]
[Black "Markus, John Raymond"]
[Result "1/2-1/2"]
[WhiteElo "2123"]
[BlackElo "2147"]
[WhiteFideId "1003941"]
[BlackFideId "1001213"]
[EventDate "2012.07.14"]

1. e4 e5 2. Nf3 Nc6 3. Nc3 Nf6 4. g3 Bc5 5. Bg2 d6 6. h3 a6 7. d3 h6 8. Be3 Bxe3
9. fxe3 O-O 10. O-O Ne7 11. Nh4 Nh7 12. Nf5 c6 13. Qe1 Nxf5 14. exf5 d5 15. Qf2 1/2-1/2

[Event "2nd Science Park Open A"]
[Site "Amsterdam NED"]
[Date "2012.07.21"]
[Round "8"]
[White "Stork, Ornett"]
[Black "Van Lommel, Patrick"]
[Result "0-1"]
[BlackTitle "CM"]
[WhiteElo "2136"]
[BlackElo "2120"]
[WhiteFideId "1010719"]
[BlackFideId "1008269"]
[EventDate "2012.07.14"]

1. d4 Nf6 2. c4 g6 3. Nc3 Bg7 4. e4 d6 5. Nge2 O-O 6. Ng3 c6 7. Be2 a6 8. h4 e5
9. d5 cxd5 10. cxd5 b5 11. b4 a5 12. Nxb5 axb4 13. Bd2 Na6 14. Qb1 Qb6 15. Bxb4
Nxb4 16. Qxb4 Bd7 17. a4 Rfb8 18. O-O Ne8 19. Rfb1 Bf8 20. h5 Qd8 21. Qc3 Qh4
22. Qf3 Nf6 23. hxg6 hxg6 24. a5 Bg4 25. Qd3 Bh6 26. Bxg4 Nxg4 27. a6 Be3 28.
fxe3 Qxg3 29. Nc7 Qf2+ 30. Kh1 Kg7 31. Rxb8 Rxb8 32. a7 Rh8# 0-1

[Event "2nd Science Park Open A"]
[Site "Amsterdam NED"]
[Date "2012.07.21"]
[Round "8"]
[White "Van der Lende, Ilias"]
[Black "Ritsema, Ronald"]
[Result "1-0"]
[WhiteElo "2175"]
[BlackElo "2054"]
[WhiteFideId "1019260"]
[BlackFideId "1010409"]
[EventDate "2012.07.14"]

1. c4 c5 2. Nf3 g6 3. g3 Bg7 4. Bg2 Nc6 5. Nc3 e6 6. O-O Nge7 7. b3 O-O 8. Bb2
Rb8 9. Qc2 d6 10. Rad1 a6 11. e3 e5 12. a3 Bf5 13. d3 b5 14. e4 Bg4 15. Nd5 bxc4
16. dxc4 Nxd5 17. cxd5 Na5 18. Rd3 Qb6 19. Rb1 Rfc8 20. Nd2 Bh6 21. Bc1 c4 22.
bxc4 Qc5 23. Rxb8 Rxb8 24. Bf1 f5 25. h3 Bxd2 26. Bxd2 fxe4 27. Rc3 Bd7 28. Be3
Qc8 29. c5 dxc5 30. Rxc5 Qd8 31. d6 Nb7 32. Bc4+ Kg7 33. Qxe4 Nxc5 34. Qxe5+ Qf6
35. Bh6+ 1-0

[Event "2nd Science Park Open A"]
[Site "Amsterdam NED"]
[Date "2012.07.21"]
[Round "8"]
[White "Vereggen, Lars"]
[Black "Brookes, Christopher"]
[Result "0-1"]
[WhiteElo "2051"]
[BlackElo "2171"]
[WhiteFideId "1029258"]
[BlackFideId "4669355"]
[EventDate "2012.07.14"]

1. e4 c5 2. Nc3 Nc6 3. f4 e6 4. Nf3 d6 5. d4 cxd4 6. Nxd4 Nf6 7. Nb3 Be7 8. Bd3
O-O 9. O-O e5 10. Kh1 Nb4 11. h3 Nxd3 12. Qxd3 Bd7 13. f5 Bc6 14. Bg5 Qc7 15.
Bxf6 Bxf6 16. Rad1 Rfd8 17. Rf2 Rac8 18. Nd5 Bxd5 19. Qxd5 Qc6 20. c3 Bg5 21.
Re2 Qa6 22. Rc2 h6 23. a3 Rc6 24. g3 Rb6 25. h4 Bf6 26. Nc1 Rb5 27. Qd3 d5 28.
Rcd2 d4 29. c4 Rc5 30. b3 Rdc8 31. Qb1 Qc6 32. Kh2 Qc7 33. Nd3 Rc6 34. Nb4 Rc5
35. Nd5 Qd8 36. Qd3 b5 37. Rc2 bxc4 38. Rxc4 Rxc4 39. bxc4 Qa5 40. Qb3 Qc5 41.
Rc1 Be7 42. Kh3 Bd6 43. f6 Rb8 44. Qf3 g6 45. Qd1 Qxa3 46. Ra1 Qc5 47. h5 Qc8+
48. Kg2 Rb2+ 49. Kg1 Qh3 50. Qf3 Bc5 0-1

[Event "2nd Science Park Open A"]
[Site "Amsterdam NED"]
[Date "2012.07.21"]
[Round "8"]
[White "Farrand, Julian T"]
[Black "Henseler, Jorgen"]
[Result "1/2-1/2"]
[WhiteElo "2116"]
[BlackElo "2075"]
[WhiteFideId "24602469"]
[BlackFideId "1023233"]
[EventDate "2012.07.14"]

1. d4 d5 2. Nc3 Nf6 3. Bg5 Nbd7 4. Qd3 c6 5. Nf3 h6 6. Bh4 Qa5 7. Nd2 e6 8. Nb3
Qb6 9. a3 c5 10. dxc5 Nxc5 11. Nxc5 Bxc5 12. Na4 Qa5+ 13. Nc3 Bd7 14. Bxf6 gxf6
15. e3 Bb4 16. Qd4 Bxc3+ 17. bxc3 Rc8 18. Qxf6 Qxc3+ 19. Qxc3 Rxc3 20. Kd2 Rc7
21. Rb1 f5 22. Bb5 Ke7 23. Bxd7 Kxd7 24. Rb4 Ke7 25. Rc1 1/2-1/2

[Event "2nd Science Park Open A"]
[Site "Amsterdam NED"]
[Date "2012.07.22"]
[Round "9.1"]
[White "Antal, Gergely"]
[Black "Hungaski, Robert Andrew"]
[Result "1/2-1/2"]
[WhiteTitle "GM"]
[BlackTitle "IM"]
[WhiteElo "2511"]
[BlackElo "2488"]
[WhiteFideId "717312"]
[BlackFideId "2021030"]
[EventDate "2012.07.14"]

1. e4 d5 2. exd5 Qxd5 3. Nc3 Qa5 4. d4 Nf6 5. Bd2 c6 6. Bc4 Bf5 7. Nf3 e6 8. Qe2
Bb4 9. a3 Nbd7 10. O-O Bxc3 11. Bxc3 Qc7 12. Nh4 Bg6 13. Bb4 a5 14. Bd2 Bxc2 15.
b4 a4 16. b5 Bb3 17. Bd3 O-O 18. Rac1 Rfe8 19. Bb1 Bd5 20. Rc3 Qb6 21. bxc6 Bxc6
22. Nf3 Bb5 23. Bd3 Bxd3 24. Qxd3 Nd5 25. Ng5 N7f6 26. Rc5 Qb3 27. Qxb3 axb3 28.
Rb5 b6 29. Rxb3 Rec8 30. Nf3 Ne4 31. Bb4 Rc2 32. Ne5 f6 33. Ng4 Rac8 34. Ne3 Re2
35. Nxd5 exd5 36. Re1 Rxe1+ 37. Bxe1 Rc1 38. Re3 Rd1 39. Kf1 Nd6 40. Ke2 Rxd4
41. Bb4 Nc4 42. Re8+ Kf7 43. Re7+ Kg6 44. f3 Rh4 45. h3 Ne5 46. Rb7 d4 47. Bf8
Kf5 48. Rxg7 d3+ 49. Ke3 Rd4 50. Bb4 d2 51. Bxd2 Rd3+ 52. Ke2 Rxa3 53. Rxh7 Ra2
54. Rh4 b5 55. Rd4 Nc4 56. h4 Ke5 57. Rd8 b4 58. h5 b3 59. h6 Nxd2 60. Rxd2 b2
61. h7 b1=Q 62. h8=Q Rxd2+ 63. Kxd2 Qb2+ 64. Ke3 Qxg2 65. f4+ Ke6 66. Qe8+ Kd6
67. Qd8+ 1/2-1/2

[Event "2nd Science Park Open A"]
[Site "Amsterdam NED"]
[Date "2012.07.22"]
[Round "9.3"]
[White "Klein, David"]
[Black "Van Assendelft, Floris"]
[Result "1-0"]
[WhiteTitle "FM"]
[BlackTitle "FM"]
[WhiteElo "2438"]
[BlackElo "2348"]
[WhiteFideId "1003623"]
[BlackFideId "1010271"]
[EventDate "2012.07.14"]

1. Nf3 d6 2. d4 Bg4 3. e4 Nf6 4. Nc3 e6 5. h3 Bxf3 6. Qxf3 d5 7. exd5 exd5 8.
Bg5 c6 9. Bd3 Be7 10. O-O O-O 11. Rfe1 Nbd7 12. Re2 Bd6 13. Nd1 h6 14. Bh4 g6
15. Ne3 Kg7 16. Ng4 h5 17. Nxf6 Nxf6 18. Rae1 Rc8 19. c3 Bc7 20. Re7 Ng8 21. g3
Qd6 22. Bc2 Nxe7 23. Bxe7 Rfe8 24. Qe3 Qe6 25. Qd2 Qxh3 26. Qg5 Qg4 27. Qf6+ Kg8
28. Kg2 Bd8 29. f3 Rxe7 30. fxg4 Rxe1 31. Qf2 Re6 32. gxh5 Bg5 33. hxg6 fxg6 34.
Bxg6 Rf8 35. Bf5 Re3 36. Kh3 Re7 37. Qf3 Rf6 38. Qg4 Rg7 39. Bd3 Rh6+ 40. Kg2
Be7 41. Qc8+ Kf7 42. Qxb7 Rh5 43. Qxc6 Rhg5 44. Kf2 Bf6 45. Qd7+ Kf8 46. Qc8+
Ke7 47. Bb5 Rg8 48. Qd7+ Kf8 49. Bc6 Rxg3 50. Qd6+ Be7 51. Qf4+ Bf6 52. Qxf6# 1-0

[Event "2nd Science Park Open A"]
[Site "Amsterdam NED"]
[Date "2012.07.22"]
[Round "9.4"]
[White "Plukkel, Sjoerd"]
[Black "Haslinger, Stewart G"]
[Result "1-0"]
[BlackTitle "GM"]
[WhiteElo "2274"]
[BlackElo "2536"]
[WhiteFideId "1008676"]
[BlackFideId "405248"]
[EventDate "2012.07.14"]

1. e4 e5 2. Nf3 Nc6 3. d4 exd4 4. Nxd4 Bb4+ 5. Bd2 Be7 6. Nf5 Bf6 7. Bc3 g6 8.
Ne3 d6 9. Bc4 Be6 10. Qe2 Qe7 11. O-O Bxc3 12. Nxc3 Nf6 13. Ncd5 Bxd5 14. exd5
Ne5 15. Bb5+ Kf8 16. Rae1 a6 17. f4 axb5 18. fxe5 dxe5 19. Qxb5 Kg7 20. Nc4 e4
21. Rf4 Ra6 22. Ref1 c6 23. dxc6 Rxc6 24. Ne3 Rhc8 25. Qg5 Qd8 26. g4 Qd4 27.
Rxf6 Rxf6 28. Rxf6 h6 29. Rd6 Qxb2 30. Nf5+ Kg8 31. Rxg6+ fxg6 32. Qxg6+ Kf8 33.
Qd6+ Kf7 34. Qd7+ Kg6 35. Qe6+ Kg5 36. Qxh6+ Kxg4 37. Ne3+ Kf3 38. Qh3+ Ke2 39.
Qg2+ Ke1 40. Qf2# 1-0

[Event "2nd Science Park Open A"]
[Site "Amsterdam NED"]
[Date "2012.07.22"]
[Round "9.5"]
[White "Sergeev, Vladimir"]
[Black "Gullaksen, Eirik"]
[Result "1-0"]
[WhiteTitle "GM"]
[BlackTitle "IM"]
[WhiteElo "2479"]
[BlackElo "2382"]
[WhiteFideId "14101076"]
[BlackFideId "1500945"]
[EventDate "2012.07.14"]

1. Nf3 Nf6 2. d4 g6 3. Bg5 Bg7 4. c3 O-O 5. Nbd2 d6 6. a4 c5 7. e3 Nc6 8. Bb5
cxd4 9. exd4 Bf5 10. O-O a6 11. Be2 h6 12. Bxf6 Bxf6 13. d5 Ne5 14. Nxe5 Bxe5
15. Nc4 Bg7 16. Qb3 Qc7 17. Nb6 Rad8 18. a5 Bd7 19. Rfe1 Rfe8 20. Bc4 Bf6 21.
Rad1 Qc5 22. Qa2 Bb5 23. Bxb5 Qxb5 24. Re4 Kg7 25. g3 h5 26. h4 g5 27. hxg5 Bxg5
28. b4 Rh8 29. Qb1 Rh6 30. c4 Qe8 31. Rde1 Qh8 32. Qd1 Kf8 33. Qf3 Qh7 34. Qe2
f5 35. Re6 h4 36. Rxh6 Qxh6 37. Qf3 hxg3 38. fxg3 Kg7 39. c5 dxc5 40. bxc5 Rh8
41. Kf1 Qh3+ 42. Ke2 Qh2+ 43. Qf2 Qh5+ 44. Qf3 Qh2+ 45. Qf2 Qh5+ 46. Kd3 Qg4 47.
Qd4+ Qxd4+ 48. Kxd4 Bf6+ 49. Kd3 Rh3 50. Re3 Rh1 51. Kc2 Rh2+ 52. Kd3 Rh1 53.
Re2 Rg1 54. c6 bxc6 55. dxc6 Rxg3+ 56. Re3 Rxe3+ 57. Kxe3 Be5 58. Nd5 Kf7 59. c7
Bxc7 60. Nxc7 e5 61. Kd3 Ke7 62. Nxa6 Kd6 63. Kc4 e4 64. Nc5 Kc6 65. Ne6 e3 66.
Nd4+ Kb7 67. Ne2 Kc6 68. Kb4 Kb7 69. Kb5 Kc7 70. a6 Kb8 71. Kb6 Ka8 72. a7 1-0

[Event "2nd Science Park Open A"]
[Site "Amsterdam NED"]
[Date "2012.07.22"]
[Round "9.6"]
[White "Pruijssers, Roeland"]
[Black "Bosboom, Manuel"]
[Result "1-0"]
[WhiteTitle "GM"]
[BlackTitle "IM"]
[WhiteElo "2525"]
[BlackElo "2375"]
[WhiteFideId "1013068"]
[BlackFideId "1000080"]
[EventDate "2012.07.14"]

1. e4 c5 2. Nf3 d6 3. d4 cxd4 4. Nxd4 Nf6 5. Nc3 a6 6. Be3 h5 7. Be2 e5 8. Nf3
Be7 9. O-O Nbd7 10. a4 b6 11. Ng5 Bb7 12. Bc4 O-O 13. f3 Rc8 14. Qe2 d5 15. exd5
b5 16. axb5 axb5 17. Ra7 Rxc4 18. Rxb7 Nc5 19. Rxb5 Rxc3 20. bxc3 Nxd5 21. Bxc5
Bxc5+ 22. Rxc5 Nf4 23. Qe4 Qxg5 24. g3 Ng6 25. f4 Qe7 26. Qe3 Re8 27. Re1 Qd7
28. fxe5 h4 29. Ra5 hxg3 30. hxg3 Qg4 31. Qf2 Qe6 32. Qd4 Qh3 33. Qf2 Qe6 34.
Kh2 Nf8 35. Ra7 Ng6 36. Ra5 Nf8 37. Qf3 Qh6+ 38. Kg2 Ne6 39. Re2 Ng5 40. Qb7
Qh3+ 41. Kf2 Re6 42. Ra4 Rh6 43. Qd5 Qf5+ 44. Ke3 Rh3 45. Kd2 Rxg3 46. Qa8+ Kh7
47. Rh4+ Kg6 48. Qc6+ f6 49. Qe8+ Nf7 50. Rhe4 Qg5+ 51. Kd1 Rg1+ 52. Re1 Rg2 53.
R4e2 Rxe2 54. Rxe2 fxe5 55. Qc6+ Kh7 56. Qh1+ Kg8 57. c4 g6 58. Qd5 Kg7 59. c5
Qg1+ 60. Kd2 Qg5+ 61. Re3 Qf4 62. c6 Qf2+ 63. Re2 Qb6 64. Re3 1-0

[Event "2nd Science Park Open A"]
[Site "Amsterdam NED"]
[Date "2012.07.22"]
[Round "9.7"]
[White "Zult, Daan"]
[Black "Riemersma, Li"]
[Result "0-1"]
[BlackTitle "IM"]
[WhiteElo "2252"]
[BlackElo "2425"]
[WhiteFideId "1005510"]
[BlackFideId "1000250"]
[EventDate "2012.07.14"]

1. c4 f5 2. g3 Nf6 3. Bg2 g6 4. Nc3 Bg7 5. d4 O-O 6. Nf3 d6 7. O-O Qe8 8. b3 Na6
9. Bb2 e5 10. dxe5 dxe5 11. e4 f4 12. gxf4 Bg4 13. h3 Rd8 14. Nd5 Bh5 15. fxe5
Nd7 16. e6 Bxb2 17. Rb1 Ne5 18. e7 Nxf3+ 19. Bxf3 Bxf3 20. Qd2 Bg7 21. Qe3 Rf7
22. exd8=Q Qxd8 23. e5 Qh4 24. Nf6+ Rxf6 25. exf6 Qxh3 26. Qg5 0-1

[Event "2nd Science Park Open A"]
[Site "Amsterdam NED"]
[Date "2012.07.22"]
[Round "9.8"]
[White "Van Oosterom, Chiel"]
[Black "Wiersma, Eelke"]
[Result "1/2-1/2"]
[WhiteTitle "IM"]
[BlackTitle "IM"]
[WhiteElo "2385"]
[BlackElo "2375"]
[WhiteFideId "1013076"]
[BlackFideId "1002864"]
[EventDate "2012.07.14"]

1. e4 c5 2. Nf3 e6 3. c3 Nf6 4. e5 Nd5 5. d4 cxd4 6. cxd4 d6 7. Bc4 Be7 8. O-O
O-O 9. Re1 dxe5 10. dxe5 Nb6 11. Bd3 Na6 12. Qe2 Nc5 13. Bc2 Nd5 14. Bd2 Bd7 15.
Na3 Qb6 16. Nc4 Qa6 17. Ng5 h6 18. Ne4 Rfc8 19. b3 Nxe4 20. Qxe4 f5 21. exf6
Nxf6 22. Qe2 b5 23. Ne3 Qb7 24. Bd3 Ne4 25. Ng4 Nxd2 26. Qxd2 Rc5 27. Ne5 Rd8
28. Rad1 Be8 29. Qe3 Qb6 30. Qe4 Bf6 31. Ng4 Rf5 32. Qe2 Rf4 33. g3 Rfd4 34.
Nxf6+ gxf6 35. Bc2 Rxd1 36. Qg4+ Kf8 37. Bxd1 Rd2 38. Qf4 Qd4 39. Qxd4 Rxd4 40.
Bf3 Ke7 41. Rc1 a5 42. Bc6 Bxc6 43. Rxc6 Rd2 44. Rc5 Rxa2 45. Rxb5 1/2-1/2